Statistiques concernant Nommez l'achat le plus cher de chaque club de foot

Cliquez ici pour prendre le quiz!

Statistiques générales

  • Ce quiz a été pris 73 fois
  • Le résultat moyen est 9 sur 47

Statistiques - réponses

Réponse% Correct
Neymar
100%
Ronaldo
82%
Dembélé
48%
Vitinha
43%
Kane
33%
Rice
33%
Dembélé
31%
Hazard
30%
Nunez
30%
Lukaku
28%
Pogba
28%
Fernandez
27%
Fernandez
27%
Grealish
24%
James Rodriguez
24%
Joao Felix
24%
Osimhen
24%
Wahi
22%
Gouiri
21%
Mahrez
19%
Openda
19%
David
18%
Diaby
18%
Isak
15%
Fabinho
13%
Reine Adelaide
13%
Moffi
12%
Guedes
10%
Haller
10%
Ndombélé
9%
Otavio
9%
Tousart
9%
Plea
7%
Neymar Jr
6%
Tielemans
6%
Bergwijn
4%
Jovic
4%
Draxler
3%
Gyokeres
3%
Koundé
3%
Lozano
3%
Matheus Cunha
3%
Schick
3%
Sigurdson
3%
Bonucci
1%
Crespo
1%
David Carno
1%

Distribution des résultats

Percentile par nombre de réponses

% des personnes avec chaque résultat

Votre développement - résultats

Vous n’avez pas pris ce quiz